FAO agricultural policy and economic development series N2 Agricultural and rural development policy in Latin America,New directions and new challenges

Gorde:
Xehetasun bibliografikoak
Egile nagusia: Alain de Janvry
Formatua: Liburua
Hizkuntza:Undetermined
Argitaratua: Rome FAO 1997
Gaiak:
Etiketak: Etiketa erantsi
Etiketarik gabe, Izan zaitez lehena erregistro honi etiketa jartzen!
Thư viện lưu trữ: Trung tâm Học liệu Trường Đại học Cần Thơ
LEADER 00685nam a2200193Ia 4500
001 CTU_27645
008 210402s9999 xx 000 0 und d
082 |a 338.1 
082 |b F218/N2 
100 |a Alain de Janvry 
245 0 |a FAO agricultural policy and economic development series N2 
245 0 |b Agricultural and rural development policy in Latin America,New directions and new challenges 
245 0 |c Alain de Janvry,Nigel Key,Elisabeth Sadoulet,FAO 
260 |a Rome 
260 |b FAO 
260 |c 1997 
650 |a agricultural economics,agriculture and state 
904 |i Nguyễn Quang Điền, 981230 
980 |a Trung tâm Học liệu Trường Đại học Cần Thơ